| 000 | 00346 a2200133 4500 | ||
|---|---|---|---|
| 005 | 20250411160907.0 | ||
| 020 | _a978-0340-85897-4 | ||
| 082 | _a657 TRU | ||
| 100 | _aTRUMAN, M. | ||
| 245 | _aBasic Accounting: Teach Yourself. | ||
| 260 |
_aLondon, _bJ Randall Stott and Mike Truman. _c2003. |
||
| 300 |
_avi, 265p.: ill.; _c19cm |
||
| 942 |
_2ddc _cBKS |
||
| 999 |
_c1325 _d1325 |
||